O instituto da responsabilidade civil no âmbito do direito de família : (Registro nro. 173453)

Detalles MARC
000 -LEADER
fixed length control field 01400cam a2200373 i 4500
001 - CONTROL NUMBER
control field 22149584
006 - FIXED-LENGTH DATA ELEMENTS--ADDITIONAL MATERIAL CHARACTERISTICS--GENERAL INFORMATION
fixed length control field m o d
007 - PHYSICAL DESCRIPTION FIXED FIELD--GENERAL INFORMATION
fixed length control field cr un ---uuuua
008 - FIXED-LENGTH DATA ELEMENTS--GENERAL INFORMATION
fixed length control field 210724s2019 bl ob 000 0 por d
010 ## - LIBRARY OF CONGRESS CONTROL NUMBER
LC control number 2021330809
020 ## - INTERNATIONAL STANDARD BOOK NUMBER
International Standard Book Number 9788538405368
035 ## -
-- 40973
040 ## - CATALOGING SOURCE
Original cataloging agency UtOrBLW
Language of cataloging eng
Description conventions rda
Transcribing agency UtOrBLW
042 ## -
-- pcc
043 ## -
-- s-bl---
050 00 -
-- KHD516
-- .C367 2019
082 04 -
-- 346.81017
-- 23
100 1# - MAIN ENTRY--PERSONAL NAME
Personal name Campos, Amanda de Melo R.,
Relator term author.
245 12 - TITLE STATEMENT
Title O instituto da responsabilidade civil no âmbito do direito de família :
Remainder of title a responsabilidade civil dos pais por abandono afetivo dos filhos /
Statement of responsibility, etc Amanda de Melo R. Campos, Claudiane Aquino Roesel.
246 30 -
-- Responsabilidade civil dos pais por abandono afetivo dos filhos
264 #1 -
-- Belo Horionte :
-- Del Rey Editora,
-- 2019.
300 ## - PHYSICAL DESCRIPTION
Extent 1 online resource (vi, 64 pages)
336 ## -
-- text
-- txt
-- rdacontent
337 ## -
-- computer
-- c
-- rdamedia
338 ## -
-- online resource
-- cr
-- rdacarrier
504 ## - BIBLIOGRAPHY, ETC. NOTE
Bibliography, etc Includes bibliographical references (pages [61]-64).
650 #0 - SUBJECT ADDED ENTRY--TOPICAL TERM
Topical term or geographic name as entry element Parent and child (Law)
Geographic subdivision Brazil.
650 #0 - SUBJECT ADDED ENTRY--TOPICAL TERM
Topical term or geographic name as entry element Children of separated parents
General subdivision Legal status, laws, etc.
Geographic subdivision Brazil.
650 #0 - SUBJECT ADDED ENTRY--TOPICAL TERM
Topical term or geographic name as entry element Parental alienation syndrome
Geographic subdivision Brazil.
700 1# - ADDED ENTRY--PERSONAL NAME
Personal name Roesel, Claudiane Aquino,
Relator term author.
856 40 - LOCALIZACIÓN Y ACCESO ELECTRÓNICO
Identificador Uniforme del Recurso (URI/URL) https://app.vlex.com/#/sources/40973
942 ## -
-- RAA
999 ## -
-- 173453
-- 173453

No hay ítems disponibles.


CONTACTO


NOSOTROS


SITIOS DE INTERES

coordinacion.biblioteca.biblioteca@unienlinea.mx Misión, Visión y Objetivos Bases de datos
Directorio Bibliotecas Digitales y Repositorios
Normatividad Revistas y artículos
Convenios interbibliotecarios
Boletines



Hecho en México. Universidad Insurgentes (UIN). Todos los derechos reservados 2024. Esta página y sus contenidos pueden ser reproducidos con fines no lucrativos, siempre y cuando no se mutile, se cite la fuente completa y su dirección electrónicas. De otra forma requiere permiso previo por escrito de la institución




2024 Copyright Universidad Insurgentes | www.bibliouin.com.mx